The silver swan ; poems of romance and mystery /

Bibliographic Details
Main Author: Gregory, Horace, 1898-1982
Other Authors: Zaturenska, Marya, 1902-1982
Format: Book
Language:English
Published: New York : Holt, Rinehart and Winston, [1966]
Edition:[1st ed.].
Subjects:

MARC

Tag First Indicator Second Indicator Subfields
LEADER 00000cam a2200000 4500
001 in00000023248
005 20151007064338.0
008 720710s1966 nyua 00010 eng u
010 |a  66012031  
035 |a (OCoLC)00351276 
035 |9 AAD9627AM 
040 |c WSU  |d TXA  |d UtOrBLW 
049 |a TXAM  |c [462107] 
050 0 |a PR1175  |b .G73 
092 |a 821.08  |b G822s 
100 1 |a Gregory, Horace,  |d 1898-1982. 
245 1 4 |a The silver swan ;  |b poems of romance and mystery /  |c [by] Horace Gregory [and] Marya Zaturenska. Wood engravings by Diana Bloomfield. 
250 |a [1st ed.]. 
264 1 |a New York :  |b Holt, Rinehart and Winston,  |c [1966] 
300 |a 221 pages :  |b illustrations ;  |c 21 cm. 
336 |a text  |b txt  |2 rdacontent 
337 |a unmediated  |b n  |2 rdamedia 
338 |a volume  |b nc  |2 rdacarrier 
650 0 |a English poetry. 
650 0 |a American poetry. 
650 0 |a Children's poetry. 
700 1 |a Zaturenska, Marya,  |d 1902-1982. 
999 |a MARS 
999 f f |s 4e0fb8a0-a409-3e0d-8e10-8fe7ad6e5cb7  |i b6a5e0cb-758b-3b35-9108-c5fc3e92dbd3  |t 0 
952 f f |p normal  |a Texas A&M University  |b College Station  |c Sterling C. Evans Library  |d Evans: Library Stacks  |t 0  |e PR1175 .G73  |h Library of Congress classification  |i unmediated -- volume  |m A14801291237 
998 f f |a PR1175 .G73  |t 0  |l Evans: Library Stacks